Código penal vigente en las islas de Cuba y Puerto Rico : (Record no. 44921)
[ view plain ]
| 000 -LEADER | |
|---|---|
| campo de control de longitud fija | 00819nam a2200229 i 4500 |
| 001 - NÚMERO DE CONTROL | |
| campo de control | 44921 |
| 003 - IDENTIFICADOR DE NÚMERO DE CONTROL | |
| campo de control | ES-MaACL |
| 005 - FECHA Y HORA DE LA ÚLTIMA TRANSACCIÓN | |
| campo de control | 20230906161123.0 |
| 007 - CAMPO FIJO DE DESCRIPCIÓN FÍSICA--INFORMACIÓN GENERAL | |
| campo de control de longitud fija | t| |
| 008 - DATOS DE LONGITUD FIJA--INFORMACIÓN GENERAL | |
| campo de control de longitud fija | 030324s1886 sp ||||1| spa d |
| 245 00 - MENCIÓN DEL TÍTULO | |
| Título | Código penal vigente en las islas de Cuba y Puerto Rico : |
| Resto del título | mandado observar por Real Decreto de 23 de mayo de 1839 : anotado con la jurisprudencia del Tribunal Supremo. |
| 260 ## - PUBLICACIÓN, DISTRIBUCIÓN, ETC. | |
| Lugar de publicación, distribución, etc. | Madrid : |
| Nombre del editor, distribuidor, etc. | Pedro Núñez, |
| Fecha de publicación, distribución, etc. | 1886. |
| 300 ## - DESCRIPCIÓN FÍSICA | |
| Extensión | 287 p. ; |
| Dimensiones | 19 cm. |
| 490 1# - MENCIÓN DE SERIE | |
| Mención de serie | Biblioteca judicial ; |
| Designación de volumen o secuencia | 30 |
| 650 #4 - PUNTO DE ACCESO ADICIONAL DE MATERIA--TÉRMINO DE MATERIA | |
| Término de materia o nombre geográfico como elemento de entrada | Derecho penal- |
| Subdivisión geográfica | Cuba. |
| 9 (RLIN) | 171654 |
| 650 #4 - PUNTO DE ACCESO ADICIONAL DE MATERIA--TÉRMINO DE MATERIA | |
| Término de materia o nombre geográfico como elemento de entrada | Derecho penal- |
| Subdivisión geográfica | Puerto Rico. |
| 9 (RLIN) | 171655 |
| 650 #4 - PUNTO DE ACCESO ADICIONAL DE MATERIA--TÉRMINO DE MATERIA | |
| Término de materia o nombre geográfico como elemento de entrada | Derecho colonial- |
| Subdivisión geográfica | Cuba. |
| 9 (RLIN) | 169393 |
| 650 #4 - PUNTO DE ACCESO ADICIONAL DE MATERIA--TÉRMINO DE MATERIA | |
| Término de materia o nombre geográfico como elemento de entrada | Derecho colonial- |
| Subdivisión geográfica | Puerto Rico. |
| 9 (RLIN) | 141891 |
| 830 1# - PUNTO DE ACCESO ADICIONAL DE SERIE-TÍTULO UNIFORME | |
| Título uniforme | Biblioteca judicial ; |
| Designación de volumen o secuencia | 30 |
| 9 (RLIN) | 181856 |
| 852 ## - LOCALIZACIÓN | |
| Ubicación | ES-MaACL |
| Número de control de estantería | B-6677 |
| Estatus retirado | Estado de pérdida | Estado de daño | No para préstamo | Colección | Biblioteca de origen | Biblioteca actual | Ubicación en estantería | Fecha de adquisición | Fuente de adquisición | Total de préstamos | Signatura topográfica completa | Código de barras | Visto por última vez | Precio de reemplazo | Tipo de ítem Koha |
|---|---|---|---|---|---|---|---|---|---|---|---|---|---|---|---|
| Libros del s. XIX | Biblioteca del Ateneo de Madrid | Biblioteca del Ateneo de Madrid | Sala Pardo Bazán | 17/01/2008 | B-6677 | 1047278 | 23/02/2023 | 23/02/2023 | Libro impreso antiguo |
